| 000 | 00420nam a22001337a 4500 | ||
|---|---|---|---|
| 999 |
_c2599 _d2599 |
||
| 008 | 200311b ||||| |||| 00| 0 eng d | ||
| 100 |
_92186 _aBhattacharjee, J.K. |
||
| 245 | 1 | 0 |
_aStability problems in applied mechanics _cby J.K. Bhattacharjee and A.K. Mallik. |
| 260 |
_aNew Delhi, _bNarosha Publishing House: _c2005. |
||
| 300 | _aviii,126p. | ||
| 650 | 0 | _aApplied Mechanics | |
| 700 |
_92187 _aMallik, A.K. |
||
| 942 | _cBK | ||